Innovative tracks at established institutions for the education of health personnel : (Record no. 5182)
[ view plain ]
| 000 -LEADER | |
|---|---|
| fixed length control field | 01298cam a2200313 a 4500 |
| 003 - CONTROL NUMBER IDENTIFIER | |
| control field | OSt |
| 005 - DATE AND TIME OF LATEST TRANSACTION | |
| control field | 20220405071844.0 |
| 008 - FIXED-LENGTH DATA ELEMENTS--GENERAL INFORMATION | |
| fixed length control field | 880701s1987 sz ab b i100 0 eng d |
| 020 ## - INTERNATIONAL STANDARD BOOK NUMBER | |
| International Standard Book Number | 9241701013 |
| 040 ## - CATALOGING SOURCE | |
| Transcribing agency | DLC |
| 042 ## - AUTHENTICATION CODE | |
| Authentication code | lccopycat |
| 050 04 - LIBRARY OF CONGRESS CALL NUMBER | |
| Classification number | R735 |
| Item number | .A2 I56 1987 |
| 060 #4 - NATIONAL LIBRARY OF MEDICINE CALL NUMBER | |
| Classification number | W1 |
| Item number | .W15E no.101 1987 |
| Classification number | [W 18 I535 1986] |
| 245 00 - TITLE STATEMENT | |
| Title | Innovative tracks at established institutions for the education of health personnel : |
| Remainder of title | an experimental approach to change relevant to health needs / |
| Statement of responsibility, etc. | Martin Kantrowitz ... [et al.]. |
| 260 ## - PUBLICATION, DISTRIBUTION, ETC. | |
| Place of publication, distribution, etc. | Geneva : |
| Name of publisher, distributor, etc. | World Health Organization, |
| Date of publication, distribution, etc. | 1987. |
| 300 ## - PHYSICAL DESCRIPTION | |
| Extent | 232 p. : |
| Other physical details | ill., maps ; |
| Dimensions | 24 cm. |
| 440 #0 - SERIES STATEMENT/ADDED ENTRY--TITLE | |
| Title | WHO offset publication, |
| International Standard Serial Number | 0303-7878 ; |
| Volume/sequential designation | no. 101 |
| 500 ## - GENERAL NOTE | |
| General note | Spine title: Innovative tracks. |
| 500 ## - GENERAL NOTE | |
| General note | Proceedings of a conference convened in Albuquerque, New Mexico, in Oct. 1986. |
| 504 ## - BIBLIOGRAPHY, ETC. NOTE | |
| Bibliography, etc. note | Includes bibliographical references. |
| 650 #0 - SUBJECT ADDED ENTRY--TOPICAL TERM | |
| Topical term or geographic name entry element | Medical education |
| General subdivision | Congresses. |
| 650 #0 - SUBJECT ADDED ENTRY--TOPICAL TERM | |
| Topical term or geographic name entry element | Medicine |
| General subdivision | Study and teaching |
| -- | Congresses. |
| 650 #2 - SUBJECT ADDED ENTRY--TOPICAL TERM | |
| Topical term or geographic name entry element | Education, Medical |
| General subdivision | congresses. |
| 700 1# - ADDED ENTRY--PERSONAL NAME | |
| Personal name | Kantrowitz, Martin P., |
| Dates associated with a name | 1942- |
| 710 2# - ADDED ENTRY--CORPORATE NAME | |
| Corporate name or jurisdiction name as entry element | World Health Organization. |
| 906 ## - LOCAL DATA ELEMENT F, LDF (RLIN) | |
| a | 7 |
| b | cbc |
| c | copycat |
| d | 3 |
| e | ncip |
| f | 19 |
| g | y-gencatlg |
| 942 ## - ADDED ENTRY ELEMENTS (KOHA) | |
| Source of classification or shelving scheme | |
| Koha item type | Book |
| Suppress in OPAC | MM |
| Withdrawn status | Lost status | Source of classification or shelving scheme | Damaged status | Not for loan | Permanent Location | Current Location | Shelving location | Date acquired | Source of acquisition | Total Checkouts | Full call number | Barcode | Date last seen | Price effective from | Koha item type | Public note |
|---|---|---|---|---|---|---|---|---|---|---|---|---|---|---|---|---|
| AU LIBRARY | AU LIBRARY | Open Shelf | 05.04.2022 | DONATION FROM MOI UNIVERSITY | R735 .A2 I56 1987 | 28007641 | 05.04.2022 | 05.04.2022 | Book | MM |